00848cam a22002171 45000010005000000030008000050050017000130080039000300350018000690400027000870410008001140820025001221000030001472450110001772600051002873000053003385000117003915040037005086500032005456500053005773111BD-RjUL20211208233658.0131218t19611958nyuab b 001 0 eng a(BD-RjUL)3145 aDLCcDLCdBD-RjULbeng aeng00a338.476657bHOF 19611 aHooley, Richard W.d1925-10aFinancing the natural gas industry :bthe role of life insurance investment policies /cRichard W. Hooley aNew York :bColumbia University Press,cc1958. ax, 218 p. :bill.,map, diagrs., tables ;c23 cm. a"Much of the basic material was originally presented as a doctoral dissertation at Columbia University in 1958." aIncludes bibliography and index. 0aNatural gaszUnited States. 0aInsurance companieszUnited StatesxInvestments.